000 00811nam a22002537a 4500
001
003 DO-SdBNP
005 20230301105654.0
007 01234
008 160915b 2008 ag ||||| |||| 00| 0 spa d
020 _a9789870400868
040 _aBPMSU
_bspa
_cBPMSU
082 4 _a658.4032
_bG196s 2008
_222
100 1 _aGandolfo Gahan, Juan
245 _aLos 6 pasos del planeamiento estratégico /
_cJuan Gandolfo Gahan
246 1 3 _aLos seis pasos del planeamiento estratégico
260 _aBuenso Aires :
_bAguilar,
_c2008
300 _a197 p. ;
_b23 cm.
500 _aIncluye datos biográficos del autor en la solapa de la cubierta
590 _aInventariado, 2023/VM
650 4 _aPlanificación Estratégica
_xEnseñanza
910 _aVMateo V. Control de calidad (BPMSU)
942 _2ddc
_cBK
999 _c11405
_d11405